Mezinárodní finance
Salvato in:
| Autore principale: | |
|---|---|
| Altri autori: | |
| Natura: | Libro |
| Lingua: | ceco |
| Pubblicazione: |
Praha
Management Press
2010
|
| Edizione: | 4. aktual. a dopl. vyd. |
| Soggetti: | |
| Tags: |
Nessun Tag, puoi essere il primo ad aggiungerne!!
|
MARC
| LEADER | 00000nam a2200000 4500 | ||
|---|---|---|---|
| 001 | 0143732 | ||
| 005 | 20220905072225.4 | ||
| 020 | |a 978-80-7261-221-5 | ||
| 041 | 0 | |a cze | |
| 044 | |a CZ | ||
| 245 | 1 | 0 | |a Mezinárodní finance |c Jaroslava Durčáková, Martin Mandel |
| 250 | |a 4. aktual. a dopl. vyd. | ||
| 264 | 1 | |a Praha |b Management Press |c 2010 | |
| 300 | |a 494 s. | ||
| 610 | 2 | 0 | |a financie medzinárodné |
| 610 | 2 | 0 | |a bilancia platobná |
| 610 | 2 | 0 | |a trh devízový |
| 610 | 2 | 0 | |a kurz devízový |
| 610 | 2 | 0 | |a opcie |
| 610 | 2 | 0 | |a investovanie |
| 610 | 2 | 0 | |a investície |
| 610 | 2 | 0 | |a investície priame zahraničné |
| 610 | 2 | 0 | |a hospodárstvo otvorené |
| 610 | 2 | 0 | |a trh kapitálový |
| 610 | 2 | 0 | |a trh menový |
| 610 | 2 | 0 | |a euro |
| 610 | 2 | 0 | |a eurozóna |
| 610 | 2 | 0 | |a bondy |
| 610 | 2 | 0 | |a politika medzinárodná |
| 610 | 2 | 0 | |a politika menová |
| 610 | 2 | 0 | |a integrácia ekonomická medzinárodná |
| 610 | 2 | 0 | |a integrácia menová |
| 610 | 2 | 0 | |a inštitúcie finančné |
| 100 | 1 | |a Durčáková, Jaroslava | |
| 700 | 1 | |a Mandel, Martin | |